000 00752nam a2200193Ia 4500
003 GCL
008 140319s9999 xx 000 0 ara d
040 _aGCL /
_cGCL
082 0 4 _a330.1
_bا ع
100 1 _aاحمد الحصرى
245 1 0 _aعلم الاقتصاد العمل الانتاج الشركة فى الارباح التجارية والقضايا المتعلقة بها فى فقة المعاملات الاسلامى المقارن والقانون الوضعى /
_cاحمد الحصرى
260 _a[S.N] :
_bمكتبة الكليات الازهرية ،
_c1991
300 _a584 ص
490 _a
650 0 4 _aالاقتصاد
650 0 4 _aالتجارة
650 0 4 _aالاقتصاد الاسلامى
942 _2ddc
_cBK
999 _c31183
_d31183